[Event "Poznan op"]
[Site "Poznan"]
[Date "1996.??.??"]
[Round "1"]
[White "Steclik, Przemyslaw"]
[Black "Olenderek, Tomasz"]
[Result "0-1"]
[WhiteElo "1800"]
[BlackElo "2220"]
[PlyCount "44"]
[EventDate "1996.??.??"]
[EventType "swiss"]
[EventRounds "9"]
[EventCountry "POL"]
[SourceTitle "EXT 2006"]
[Source "ChessBase"]
[SourceDate "2005.11.24"]
[SourceVersion "1"]
[SourceVersionDate "2005.11.24"]
[SourceQuality "1"]

1. Nf3 d5 2. c4 c6 3. b3 Nf6 4. g3 Qb6 5. Bg2 e5 6. cxd5 e4 7. Ng5 cxd5 8. e3 h6 9. Nh3 Bg4 10. Qc2 Nc6 11. a3 Rc8 12. Nc3 Ne5 13. Nf4 Nf3+ 14. Bxf3 Bxf3 15. Rg1 d4 16. exd4 Qxd4 17. Nb5 Qd7 18. Nc3 Bc5 19. b4 Bd4 20. Bb2 Ng4 21. Rf1 Nxh2 22. Rg1 Bxf2+ 0-1